000 00931nas a2200313 4500
001 BR0902680
003 BR-BrBNA
005 20231205113600.0
007 ta
008 230509b bl.|||p| |||| 00| 00por d
040 _aBR-BrBNA
_bpor
_cBiblioteca Nacional de Agricultura
041 _a(Pt)
072 _aF01; J11
100 1 _aCuquel, F.L.
100 1 _aFinger, F.L.
100 1 _aLoges, V.
245 1 _aColheita e pós-colheita de flores de corte
650 _aFLORICULTURA
650 _aPLANTA DE CORTE
650 _aPLANTA ORNAMENTAL
650 _aCOLHEITA
650 _aPÓS-COLHEITA
650 _aLONGEVIDADE
650 _aVIDA-DE-PRATELEIRA
650 _aARMAZENAGEM
773 0 _tInforme Agropecuário - Empresa de Pesquisa Agropecuária de Minas Gerais (Brazil)
_xISSN 0100-3364
_g(Mar-Apr 2009), v. 30(249) p. 56-63
_wBR0902680
909 _a202311
_bLúcia
_c55
_dLúcia Elande
942 _2AGRIS
_n0
_cANA
999 _c204554
_d204554